Bilecik Bilecik Bilecik Bilecik Bilecik

Neylü'l-ereb fi ma'rifeti'l-edeb/ (Record no. 33621)

MARC details
000 -BAŞLIK
Sabit Uzunluktaki Kontrol Alanı 01216nam a22003617a 4500
001 - KONTROL NUMARASI
Control Dosyası 0033621
003 - KONTROL NUMARASI KİMLİĞİ
Kontrol Alanı KOHA_MİRAKIL
005 - EN SON İŞLEM TARİHİ ve ZAMANI
Kontrol Alanı 20260207002858.0
007 - FİZİKSEL TANIM SABİT ALAN - GENEL BİLGİ
Sabit uzunluklu kontrol alanı ta
008 - SABİT UZUNLUKTAKİ VERİ ÖGELERİ - GENEL BİLGİ
Sabit Alan 111114b2011 tu |||gr||||#||||0|tur |
020 ## - ISBN - ULUSLARARASI STANDART KİTAP NUMARASI
Isbn 9786058764125
Kullanılabilirlik koşulları 0,01
040 ## - KATALOGLAMA KAYNAĞI
Özgün Kataloglama Kurumu TR-BiSEU
Kataloglama Dili tur
Çeviri Kurumu TR-BiSEU
Açıklama Kuralları rda
041 0# - DİL KODU
Metin ya da ses kaydının dil kodu tur
044 ## - YAYINLAYAN/ÜRETEN KURULUŞUN ÜLKE KODU
ISO country code tu
050 ## - SINIFLAMA ve YER NUMARASI
Sınıflama Numarası BJ1291
Yer Numarası .M34 2011
100 0# - KİŞİ ADI
Yazar Adı (Kişi adı) Mahmud Hamdi b. Davud el-Meraşi ed-Dimeşki.
245 1# - ESER ADI BİLDİRİMİ
Başlık Neylü'l-ereb fi ma'rifeti'l-edeb/
Sorumluluk Bildirimi Mahmud Hamdi b. Davud el-Meraşi ed-Dimeşki ; Mahmud Hamdi b. Davud el-Meraşi ed-Dimeşki ; çev.Mehmet Balcıoğlu, M. Akif Özdoğan.
264 #1 - ÜRERİM, YAYIN, DAĞITIM ve TELİF BİLDİRİMİ
Yayın yeri Kahramanmaraş :
Yayınlayan Ukde
Yayın tarihi 2011
300 ## - FİZİKSEL TANIMLAMA
Sayfa, Cilt vb. 207 s. ;
Boyutları 24 cm.
336 ## - İÇERİK TÜRÜ
Content type term metin
Content type code txt
Source rdacontent
337 ## - MEDYA TÜRÜ
Media type term aracısız
Media type code n
Source rdamedia
338 ## - TAŞIYICI TÜRÜ
Carrier type term cilt
Carrier type code nc
Source rdacarrier
490 1# - DİZİ BİLDİRİMİ
Dizi Bildirimi Ukde Kitaplığı ;
Cilt Numarası 94.
490 1# - DİZİ BİLDİRİMİ
Dizi Bildirimi Maraş Kültür ve Edebiyat Serisi ;
Cilt Numarası 26
500 ## - GENEL NOT
Genel Not Kaynakça var.
650 #0 - KONU BAŞLIĞI EK GİRİŞ - KONU TERİMİ
Konusal terim veya coğrafi ad İslam ahlakı.
9 (RLIN) 35767
650 #0 - KONU BAŞLIĞI EK GİRİŞ - KONU TERİMİ
Konusal terim veya coğrafi ad Islamic ethics.
9 (RLIN) 25545
650 #0 - KONU BAŞLIĞI EK GİRİŞ - KONU TERİMİ
Konusal terim veya coğrafi ad İslam dini.
9 (RLIN) 34162
650 #0 - KONU BAŞLIĞI EK GİRİŞ - KONU TERİMİ
Konusal terim veya coğrafi ad Islam.
9 (RLIN) 3267
830 1# - SERİ EK GİRİŞİ - TEKBİÇİM ESER ADI
Tekbiçim Başlık Ukde Kitaplığı ;
Volume number/sequential designation 94.
9 (RLIN) 65231
830 1# - SERİ EK GİRİŞİ - TEKBİÇİM ESER ADI
Tekbiçim Başlık Maraş Kültür ve Edebiyat Serisi ;
Volume number/sequential designation 26
9 (RLIN) 65185
942 ## - EK GİRİŞ ÖGELERİ (KOHA)
Source of classification or shelving scheme Library of Congress Classification
Koha item type Book
Holdings
Materyal Türü Kalıcı Konum Mevcut Konum Raf Yeri Sınıflandırma Kaynağı Edinim Bilgisi Ana Konular Alt Konular Yer Numarası Demirbaş Numarası Fatura Tarihi Geri Çekilme Durumu Kayıp Durumu Hasarlı Durumu Kredi için değil Kayıt Tarih Toplam Ödünçverme Son Görülme Tarihi Son Kontrol Tarihi Genel / Bağış Notu
Book Prof. Dr. Azmi Özcan Kütüphanesi Prof. Dr. Azmi Özcan Kütüphanesi Uluğbey Salonu Library of Congress Classification Bağış FELSEFE, PSİKOLOJİ, DİN Etik (Ahlak) BJ1291 .M34 2011 0033621 02/02/2026         14/11/2011   05/12/2024 05/12/2024 Genel Bağış